Cyber media and information technology (Record no. 6627)

MARC details
000 -LEADER
fixed length control field 00915 a2200217 4500
005 - DATE AND TIME OF LATEST TRANSACTION
control field 20080904102617.0
008 - FIXED-LENGTH DATA ELEMENTS--GENERAL INFORMATION
fixed length control field 080904t xxu||||| |||| 00| 0 eng d
010 ## - LIBRARY OF CONGRESS CONTROL NUMBER
LC control number ENG-87526
020 ## - INTERNATIONAL STANDARD BOOK NUMBER
Terms of availability 625.00
International Standard Book Number 8190472760
035 ## - SYSTEM CONTROL NUMBER
System control number EN-71059
037 ## - SOURCE OF ACQUISITION
Source of stock number/acquisition D.B.Act / Pub
082 ## - DEWEY DECIMAL CLASSIFICATION NUMBER
Classification number 302.234
100 ## - MAIN ENTRY--PERSONAL NAME
Personal name Kundu, Kumud
245 ## - TITLE STATEMENT
Title Cyber media and information technology
Statement of responsibility, etc by Kumud Kundu
260 ## - PUBLICATION, DISTRIBUTION, ETC. (IMPRINT)
Place of publication, distribution, etc Delhi
Name of publisher, distributor, etc Manglam Publishers
Date of publication, distribution, etc 2007
270 ## - ADDRESS
Address L-21/1, Street No. 5, shivaji Marg, Near Kali Mandir, J.P.Nagar, Kartar Nagar, West Ghonda
City Delhi
Postal code 110 053
Telephone number 011-22945678, 9868572512
300 ## - PHYSICAL DESCRIPTION
Extent 240 p.
Dimensions 22 cm. (Hb.)
500 ## - GENERAL NOTE
General note Includes bibliograpgical references and index
942 ## - ADDED ENTRY ELEMENTS (KOHA)
Institution code [OBSOLETE] dpl
Koha item type English Books
Call number prefix 302.234 / KUN
Source of classification or shelving scheme Dewey Decimal Classification
Classification part 302.234
Call number suffix KUN
Holdings
Withdrawn status Lost status Damaged status Not for loan Collection code Home library Current library Date acquired Cost, normal purchase price Total Checkouts Full call number Barcode Date last seen Copy number Uniform Resource Identifier Cost, replacement price Price effective from Koha item type
      Not For Loan Non-fiction D.B.Act.Division D.B.Act.Division 04/09/2008 625.00   302.234 KUN EN-71059 15/09/2008 1 7128 625.00 15/09/2008 English Books

© Delhi Public Library
Hit Counter
free hit counter